| Tag |
First Indicator |
Second Indicator |
Subfields |
| LEADER |
00000cam a2200000 a 4500 |
| 001 |
in00002561663 |
| 005 |
20151201153713.0 |
| 008 |
091222s2010 nyua bf 001 0 eng |
| 010 |
|
|
|a 2009053750
|
| 015 |
|
|
|a GBB004266
|2 bnb
|
| 016 |
7 |
|
|a 015462086
|2 Uk
|
| 019 |
|
|
|a 499074065
|a 535491373
|a 535491374
|
| 020 |
|
|
|a 9780521768740 (hardback)
|
| 020 |
|
|
|a 0521768748 (hardback)
|
| 020 |
|
|
|a 9780521745383 (pbk.)
|
| 020 |
|
|
|a 0521745381 (pbk.)
|
| 029 |
1 |
|
|a NLGGC
|b 323888666
|
| 029 |
1 |
|
|a CDX
|b 10662399
|
| 029 |
1 |
|
|a DEBBG
|b BV036049225
|
| 029 |
1 |
|
|a CDX
|b 10663678
|
| 035 |
|
|
|a (OCoLC)ocn494284965
|
| 035 |
|
|
|a (OCoLC)494284965
|
| 040 |
|
|
|a DLC
|c DLC
|d BWKUK
|d BWK
|d UKM
|d CDX
|d YDXCP
|d BTCTA
|d UPP
|d BWX
|d UtOrBLW
|
| 049 |
|
|
|a TXAM
|
| 050 |
0 |
0 |
|a PS3525.I5156
|b Z548 2010
|
| 082 |
0 |
0 |
|a 812/.52
|2 22
|
| 245 |
0 |
4 |
|a The Cambridge companion to Arthur Miller /
|c edited by Christopher Bigsby.
|
| 246 |
3 |
0 |
|a Companion to Arthur Miller
|
| 250 |
|
|
|a 2nd ed.
|
| 264 |
|
1 |
|a Cambridge, UK ;
|a New York :
|b Cambridge University Press,
|c 2010.
|
| 300 |
|
|
|a xvi, 306 pages :
|b illustrations ;
|c 24 cm.
|
| 336 |
|
|
|a text
|b txt
|2 rdacontent
|
| 337 |
|
|
|a unmediated
|b n
|2 rdamedia
|
| 338 |
|
|
|a volume
|b nc
|2 rdacarrier
|
| 490 |
1 |
|
|a Cambridge companions to literature
|
| 504 |
|
|
|a Includes bibliographical references and index.
|
| 505 |
0 |
|
|a Chronology / Susan Haedicke -- Introduction / Christopher Bigsby -- The tradition of social drama : Miller and his forebears / Brenda Murphy -- The early plays / Christopher Bigsby -- All my sons / Steven R. Centola -- Death of a salesman and the poetics of Arthur Miller / Matthew C. Roudané -- Conscience and community in An enemy of the people and The crucible / Thomas P. Adler -- A view from the bridge / Albert Wertheim -- The Holocaust, the Depression, and McCarthyism : Miller in the Sixties / Janet N. Balakian -- Miller's 1970s "power" plays / William W. Demastes -- Miller in the Eighties / Jane Schlueter -- The last plays / Christopher Bigsby -- Arthur Miller and the cinema / R. Barton Palmer -- Arthur Miller's fiction / Malcolm Bradbury -- Critic, criticism, critics / Stephen Barker -- Arthur Miller: a bibliographic essay / Susan Haedicke.
|
| 600 |
1 |
0 |
|a Miller, Arthur,
|d 1915-2005
|x Criticism and interpretation
|v Handbooks, manuals, etc.
|
| 700 |
1 |
|
|a Bigsby, C. W. E.
|
| 856 |
4 |
2 |
|3 Cover image
|u http://assets.cambridge.org/97805217/68740/cover/9780521768740.jpg
|t 0
|
| 830 |
|
0 |
|a Cambridge companions to literature.
|
| 938 |
|
|
|a Blackwell Book Service UK
|b BBUK
|n L9845981
|c 50.00
|
| 938 |
|
|
|a Baker and Taylor
|b BTCP
|n BK0008808084
|
| 938 |
|
|
|a Coutts Information Services
|b COUT
|n 10662399
|
| 938 |
|
|
|a Blackwell Book Service
|b BBUS
|n R2853897
|c $85.00
|
| 938 |
|
|
|a YBP Library Services
|b YANK
|n 100540121
|
| 945 |
|
|
|a PromptCat
|b 53126
|
| 946 |
|
|
|a stk
|
| 947 |
|
|
|a A14840225338
|
| 994 |
|
|
|a 92
|b TXA
|
| 948 |
|
|
|a Cataloged
|b h
|c 2010/8/30
|d c
|e ibarton
|
| 999 |
|
|
|a MARS
|
| 999 |
f |
f |
|s 6ed2880a-214d-3891-aa5c-f03abaade96a
|i c5fb2f78-abf8-3bcc-a659-d373fe721403
|t 0
|
| 952 |
f |
f |
|p normal
|a Texas A&M University
|b College Station
|c Sterling C. Evans Library
|d Evans: Library Stacks
|t 0
|e PS3525.I5156 Z548 2010
|h Library of Congress classification
|i unmediated -- volume
|m A14840225338
|
| 998 |
f |
f |
|a PS3525.I5156 Z548 2010
|t 0
|l Evans: Library Stacks
|